Statistics for Suburbs in Camden Council, Sydney, NSW

Click here to take the quiz!

General Stats

  • This quiz has been taken 36 times
  • The average score is 9 of 23

Answer Stats

North/Central/South WardAnswer% Correct
South WardCamden
89%
North WardOran Park
61%
South WardNarellan
56%
Central WardMount Annan
50%
North WardCobbitty
50%
South WardCamden South
50%
South WardElderslie
44%
North WardHarrington Park
44%
North WardLeppington
44%
Central WardNarellan Vale
39%
South WardCawdor
33%
North WardBringelly
33%
North WardCatherine Field
33%
North WardKirkham
33%
South WardSpring Farm
33%
Central WardSmeaton Grange
28%
South WardBickley Vale
28%
Central WardCurrans Hill
28%
North WardGregory Hills
28%
South WardEllis Lane
28%
South WardGrasmere
28%
North WardGledswood Hills
28%
North WardRossmore
11%

Score Distribution

Percentile by Number Answered

Percent of People with Each Score

Your Score History

You have not taken this quiz